[Event "Thessaloniki Open 2009"]
[Site "Thessaloniki GRE"]
[Date "2009.04.28"]
[Round "3.4"]
[White "Poley, Vladimir"]
[Black "Fakhiridou, Ekaterini"]
[Result "1-0"]
[WhiteElo "2338"]
[BlackElo "2252"]
[PlyCount "99"]
[EventDate "2009.04.27"]
[EventType "swiss"]
[EventRounds "9"]
[EventCountry "GRE"]
[Source "lmi"]
[SourceDate "2009.04.27"]

1. d4 Nf6 2. g3 d6 3. Bg2 c6 4. c3 Nbd7 5. Nh3 e5 6. O-O Be7 7. Na3 O-O 8. Nc2
Re8 9. f3 Bf8 10. Nf2 d5 11. e4 Qa5 12. f4 exf4 13. e5 fxg3 14. hxg3 Ne4 15.
Nxe4 dxe4 16. Bxe4 Nf6 17. Qf3 Bh3 18. exf6 Bxf1 19. Kxf1 g6 20. Bf4 Qb5+ 21.
Kg2 Qxb2 22. Be5 Rad8 23. Rh1 Qxa2 24. Qf4 Qc4 25. Qe3 a5 26. Ne1 Rxe5 27. dxe5
Bc5 28. Bd3 Bxe3 29. Bxc4 b5 30. Bxf7+ Kxf7 31. Rxh7+ Ke6 32. Re7+ Kf5 33. f7
Bc5 34. Re8 Rd2+ 35. Kh3 a4 36. Nf3 Rd3 37. Nd4+ Ke4 38. e6 Bd6 39. f8=Q Rxg3+
40. Kh4 g5+ 41. Kh5 Rh3+ 42. Kxg5 Bxf8 43. Rxf8 Kd5 44. e7 Re3 45. e8=Q Rxe8
46. Rxe8 Kc4 47. Nxc6 Kxc3 48. Re4 a3 49. Nb4 Kb3 50. Kf4 1-0

[Event "Thessaloniki Open 2009"]
[Site "Thessaloniki GRE"]
[Date "2009.04.28"]
[Round "3.5"]
[White "Galopoulos, Nikolaos"]
[Black "Shavtvaladze, Nikoloz"]
[Result "0-1"]
[WhiteElo "2247"]
[BlackElo "2454"]
[PlyCount "80"]
[EventDate "2009.04.27"]
[EventType "swiss"]
[EventRounds "9"]
[EventCountry "GRE"]
[Source "lmi"]
[SourceDate "2009.04.27"]

1. d4 g6 2. c4 Bg7 3. e4 d6 4. Nc3 Nf6 5. Nge2 e5 6. d5 a5 7. Ng3 O-O 8. Be2
Na6 9. Be3 c6 10. Qd2 cxd5 11. cxd5 Nc5 12. Bg5 Qb6 13. h4 Bd7 14. h5 a4 15.
Rb1 Qa5 16. f3 b5 17. Nd1 Qb6 18. Bh4 Rac8 19. Nf2 Nxh5 20. Nxh5 gxh5 21. Be7
Rfe8 22. Bg5 f5 23. g3 Rf8 24. Be3 Qd8 25. Rxh5 Qe8 26. Rg5 Rf6 27. exf5 Bxf5
28. Ng4 Bxg4 29. Rxg4 Rg6 30. Qb4 h5 31. Rxg6 Qxg6 32. Rc1 e4 33. fxe4 Qxg3+
34. Kd2 Qg2 35. Rg1 Nxe4+ 36. Kd3 Nf2+ 37. Bxf2 Qxf2 38. Rf1 Qg3+ 39. Rf3 Qe5
40. Qe4 Rc3+ 0-1

[Event "Thessaloniki Open 2009"]
[Site "Thessaloniki GRE"]
[Date "2009.04.28"]
[Round "3.6"]
[White "Perdek, Miroslaw"]
[Black "Simanjuntak, Sebastian"]
[Result "1/2-1/2"]
[WhiteElo "2232"]
[BlackElo "2260"]
[PlyCount "36"]
[EventDate "2009.04.27"]
[EventType "swiss"]
[EventRounds "9"]
[EventCountry "GRE"]
[Source "lmi"]
[SourceDate "2009.04.27"]

1. e4 c5 2. Nf3 Nc6 3. Bb5 Qb6 4. Nc3 e6 5. O-O Nd4 6. Ba4 Ne7 7. Nxd4 cxd4 8.
Ne2 Nc6 9. d3 d6 10. c3 dxc3 11. bxc3 Be7 12. Be3 Qc7 13. f4 Bd7 14. Rb1 O-O
15. f5 exf5 16. exf5 Bf6 17. Qd2 Ne5 18. Bxd7 Nxd7 1/2-1/2

[Event "Thessaloniki Open 2009"]
[Site "Thessaloniki GRE"]
[Date "2009.04.28"]
[Round "3.7"]
[White "Georgiev, Vladimir"]
[Black "Pavlidou, Ekaterini"]
[Result "1-0"]
[WhiteElo "2539"]
[BlackElo "2162"]
[PlyCount "59"]
[EventDate "2009.04.27"]
[EventType "swiss"]
[EventRounds "9"]
[EventCountry "GRE"]
[Source "lmi"]
[SourceDate "2009.04.27"]

1. Nf3 Nf6 2. c4 e6 3. Nc3 c5 4. e3 b6 5. d4 Bb7 6. d5 exd5 7. cxd5 d6 8. e4 g6
9. Bg5 Bg7 10. Bb5+ Kf8 11. O-O a6 12. Bd3 h6 13. Bh4 g5 14. Bg3 Nh5 15. e5
Nxg3 16. fxg3 dxe5 17. Be4 Nd7 18. d6 Bxe4 19. Nxe4 Ra7 20. Qd5 Qa8 21. Qd3 Kg8
22. Nfd2 Rh7 23. a4 Bh8 24. Rf5 f6 25. Nf1 Rf7 26. Ne3 Qd8 27. Raf1 Nf8 28. Ng4
Ne6 29. Qd5 Nd4 30. Nexf6+ 1-0

[Event "Thessaloniki Open 2009"]
[Site "Thessaloniki GRE"]
[Date "2009.04.28"]
[Round "3.8"]
[White "Georgiev, Krum"]
[Black "Nikologorsky, Matfei"]
[Result "0-1"]
[WhiteElo "2440"]
[BlackElo "2229"]
[PlyCount "66"]
[EventDate "2009.04.27"]
[EventType "swiss"]
[EventRounds "9"]
[EventCountry "GRE"]
[Source "lmi"]
[SourceDate "2009.04.27"]

1. e4 c5 2. Nf3 d6 3. c3 Nf6 4. Be2 Bd7 5. d3 g6 6. Nbd2 Bc6 7. b4 cxb4 8. cxb4
a5 9. bxa5 Qxa5 10. O-O Bg7 11. Bb2 Nbd7 12. Nd4 O-O 13. N4b3 Qc7 14. Qb1 d5
15. Rc1 Qf4 16. g3 Qd6 17. Nd4 Bh6 18. Rd1 Ba4 19. N2b3 e5 20. Nc2 Rfc8 21. Bf3
d4 22. Na3 b5 23. Nc2 Rab8 24. Rf1 Rc7 25. Bd1 Rbc8 26. Ba3 Qe6 27. Bb4 Qh3 28.
f3 Nh5 29. Be1 Nc5 30. Nxc5 Rxc5 31. Rf2 Bxc2 32. Bxc2 Be3 33. Bb3 Rc1 0-1

[Event "Thessaloniki Open 2009"]
[Site "Thessaloniki GRE"]
[Date "2009.04.28"]
[Round "3.9"]
[White "Ivanov, Jordan"]
[Black "Matsenko, Vadim"]
[Result "1-0"]
[WhiteElo "2435"]
[BlackElo "2144"]
[PlyCount "41"]
[EventDate "2009.04.27"]
[EventType "swiss"]
[EventRounds "9"]
[EventCountry "GRE"]
[Source "lmi"]
[SourceDate "2009.04.27"]

1. Nf3 c5 2. c4 Nf6 3. Nc3 Nc6 4. e3 d5 5. cxd5 Nxd5 6. Bb5 Nxc3 7. bxc3 Bd7 8.
O-O e6 9. d4 a6 10. Bd3 Be7 11. e4 cxd4 12. cxd4 O-O 13. Bb2 Nb4 14. Bb1 Bb5
15. Re1 Bf6 16. a3 Nc6 17. a4 Bc4 18. e5 Qb6 19. Qc2 g6 20. exf6 Na5 21. Qd2
1-0

[Event "Thessaloniki Open 2009"]
[Site "Thessaloniki GRE"]
[Date "2009.04.28"]
[Round "3.10"]
[White "Aharon, Ofir"]
[Black "Danilov, Vladimir"]
[Result "1/2-1/2"]
[WhiteElo "2134"]
[BlackElo "2410"]
[PlyCount "113"]
[EventDate "2009.04.27"]
[EventType "swiss"]
[EventRounds "9"]
[EventCountry "GRE"]
[Source "lmi"]
[SourceDate "2009.04.27"]

1. e4 e5 2. Nf3 Nc6 3. d3 Nf6 4. c3 h6 5. Be2 g6 6. O-O d6 7. b4 a6 8. a4 Bg7
9. Nbd2 O-O 10. Rb1 Qe7 11. b5 axb5 12. axb5 Nd8 13. Nc4 Ne6 14. b6 c5 15. g3
Bd7 16. Nh4 Bc6 17. Qc2 Ra6 18. Ng2 Nd7 19. Nge3 f5 20. Nd5 Qd8 21. Qb3 Bxd5
22. exd5 Ng5 23. Bd2 f4 24. Nxd6 Rxb6 25. Nb5 f3 26. Bd1 Qf6 27. Bxg5 hxg5 28.
Qc4 Qf5 29. d6+ Kh7 30. Qe4 g4 31. h3 gxh3 32. Qh4+ Bh6 33. Bc2 Nf6 34. Nd4
exd4 35. Rxb6 g5 36. Rxb7+ Kg6 37. g4 Qxg4+ 38. Qxg4 Nxg4 39. Re7 Nf6 40. d7
Rd8 41. Ba4 dxc3 42. Rc1 g4 43. Rxc3 Nd5 44. Re8 Nxc3 45. Rxd8 Ne2+ 46. Kh2
Bf4+ 47. Kh1 g3 48. Rg8+ Kh5 49. Rxg3 Nxg3+ 50. fxg3 f2 51. Bd1+ Kg6 52. Be2
Bc7 53. Kh2 Kf6 54. Kxh3 Ke7 55. Kg2 Kxd7 56. Kxf2 Be5 57. Kf3 1/2-1/2

[Event "Thessaloniki Open 2009"]
[Site "Thessaloniki GRE"]
[Date "2009.04.28"]
[Round "3.11"]
[White "Galopoulos, Panagiotis"]
[Black "Sidorenko, Ilya"]
[Result "0-1"]
[WhiteElo "2151"]
[BlackElo "2357"]
[PlyCount "88"]
[EventDate "2009.04.27"]
[EventType "swiss"]
[EventRounds "9"]
[EventCountry "GRE"]
[Source "lmi"]
[SourceDate "2009.04.27"]

1. e4 c5 2. c3 Nf6 3. e5 Nd5 4. d4 cxd4 5. Nf3 Nc6 6. cxd4 d6 7. Bc4 Nb6 8. Bb5
Bd7 9. Nc3 dxe5 10. dxe5 g6 11. O-O Bg7 12. Qe2 O-O 13. Rd1 Qc7 14. Bf4 Bg4 15.
Bxc6 Qxc6 16. Rd3 Qc4 17. Bg3 Bf5 18. Rd4 Qxe2 19. Nxe2 Rac8 20. Rad1 Rc2 21.
R1d2 Rxd2 22. Nxd2 Rc8 23. Nc3 f6 24. f4 fxe5 25. fxe5 Kf7 26. a4 Rc5 27. Nf3
h6 28. Kf2 a5 29. Rd2 Nc4 30. Re2 Bd3 31. Re1 Nxb2 32. e6+ Kg8 33. Ne4 Rc6 34.
Be5 Bxe4 35. Bxb2 Bxf3 36. Bxg7 Kxg7 37. Kxf3 Kf6 38. Rb1 b6 39. Ke4 Rd6 40.
Rb2 Kxe6 41. Rb5 Rc6 42. Kd4 Kd6 43. Rd5+ Kc7 44. Kd3 Rd6 0-1

[Event "Thessaloniki Open 2009"]
[Site "Thessaloniki GRE"]
[Date "2009.04.28"]
[Round "3.12"]
[White "Burtasova, Anna"]
[Black "Kounalakis, Evryklis"]
[Result "0-1"]
[WhiteElo "2299"]
[BlackElo "2090"]
[PlyCount "150"]
[EventDate "2009.04.27"]
[EventType "swiss"]
[EventRounds "9"]
[EventCountry "GRE"]
[Source "lmi"]
[SourceDate "2009.04.27"]

1. e4 c6 2. d4 d5 3. exd5 cxd5 4. c4 Nf6 5. Nc3 Nc6 6. Nf3 Bg4 7. cxd5 Nxd5 8.
Be2 e6 9. O-O Be7 10. h3 Bh5 11. Be3 O-O 12. Rc1 Rc8 13. Qb3 Nxc3 14. bxc3 Qd7
15. Qb5 Qd5 16. Qa4 Qa5 17. Qb3 Rfd8 18. a4 Qc7 19. Rfd1 Na5 20. Qb2 Nc4 21.
Bxc4 Qxc4 22. Qxb7 Bxf3 23. gxf3 Ba3 24. Ra1 Qxc3 25. Bd2 Qc2 26. Ba5 Rd5 27.
Rd2 Rg5+ 28. Kf1 Qc4+ 29. Re2 Rxa5 30. Rxa3 Qc1+ 31. Re1 Qc4+ 32. Re2 Rd8 33.
Qe7 Qxd4 34. Re4 Qd6 35. Qxd6 Rxd6 36. Rb3 g6 37. Rb8+ Kg7 38. Rb7 e5 39. f4
exf4 40. Rxf4 Rf6 41. Rc4 a6 42. Rbb4 Raf5 43. Rb2 Rf3 44. Kg2 Ra3 45. Rd2 h5
46. Re2 Rf5 47. Rd2 Ra1 48. Rd3 Rg5+ 49. Rg3 Ra5 50. Rf3 R1xa4 51. Rc7 Rg5+ 52.
Kh2 Rf5 53. Rxf5 gxf5 54. Rc6 Ra3 55. Kg2 f6 56. Rc5 Kg6 57. Rc4 a5 58. h4 Rb3
59. Rc5 a4 60. Rc4 a3 61. Ra4 Kf7 62. f3 Ke6 63. Kg3 Kd6 64. Ra5 Kc6 65. Rxf5
Rb5 66. Rxf6+ Kb7 67. Rf7+ Ka6 68. Rf8 Ra5 69. Ra8+ Kb5 70. Rb8+ Ka4 71. Rb1 a2
72. Ra1 Kb3 73. f4 Kb2 74. Rxa2+ Kxa2 75. Kf3 Ra4 0-1

[Event "Thessaloniki Open 2009"]
[Site "Thessaloniki GRE"]
[Date "2009.04.29"]
[Round "4.2"]
[White "Esen, Baris"]
[Black "Poley, Vladimir"]
[Result "1-0"]
[WhiteElo "2472"]
[BlackElo "2338"]
[PlyCount "77"]
[EventDate "2009.04.27"]
[EventType "swiss"]
[EventRounds "9"]
[EventCountry "GRE"]
[Source "lmi"]
[SourceDate "2009.04.27"]

1. d4 g6 2. Nf3 Bg7 3. g3 b5 4. Bg2 Bb7 5. c3 Nf6 6. Qb3 c6 7. a4 a6 8. O-O O-O
9. c4 d6 10. Nc3 Nbd7 11. axb5 cxb5 12. cxb5 Rb8 13. Bd2 Qb6 14. Qb4 axb5 15.
Ra5 Ne4 16. Rxb5 Qa6 17. Ra5 Nxc3 18. Rxa6 Nxe2+ 19. Kh1 Bxa6 20. Qa3 Bc4 21.
Be3 Nf6 22. Nd2 Bb5 23. Re1 Rfc8 24. Bf3 Nc1 25. Nb1 Nb3 26. Qa7 e6 27. Nd2 Nc1
28. Ne4 Nxe4 29. Rxc1 Nxf2+ 30. Kg2 Nd3 31. Rxc8+ Rxc8 32. Qb7 Rc2+ 33. Kg1
Rxb2 34. Qc8+ Bf8 35. Bh6 Rb1+ 36. Kg2 Rb2+ 37. Kh3 Nf2+ 38. Kh4 g5+ 39. Kh5
1-0

[Event "Thessaloniki Open 2009"]
[Site "Thessaloniki GRE"]
[Date "2009.04.29"]
[Round "4.4"]
[White "Fakhiridou, Ekaterini"]
[Black "Georgiev, Vladimir"]
[Result "1/2-1/2"]
[WhiteElo "2252"]
[BlackElo "2539"]
[PlyCount "118"]
[EventDate "2009.04.27"]
[EventType "swiss"]
[EventRounds "9"]
[EventCountry "GRE"]
[Source "lmi"]
[SourceDate "2009.04.27"]

1. e4 c5 2. Nf3 Nc6 3. d4 cxd4 4. Nxd4 Nf6 5. Nc3 d6 6. g3 g6 7. Nde2 Rb8 8.
Bg2 b5 9. Nd5 Bg7 10. O-O O-O 11. h3 Bb7 12. Be3 Nd7 13. Nd4 Nc5 14. Nxc6 Bxc6
15. Bd4 e6 16. Bxg7 Kxg7 17. Qd4+ f6 18. Nb4 Ba8 19. Rfd1 Rb6 20. Nd3 Nxd3 21.
Qxd3 Qe7 22. a4 b4 23. a5 Rc6 24. Ra4 Rb8 25. Qb3 e5 26. Rxb4 Rxb4 27. Qxb4
Rxc2 28. Qxd6 Qxd6 29. Rxd6 Bc6 30. Rd1 Kf7 31. b4 Ke7 32. Rb1 a6 33. Bf1 Bxe4
34. Bxa6 f5 35. Bf1 Ra2 36. Re1 Ra4 37. Bg2 Bxg2 38. Kxg2 Kd6 39. Rb1 e4 40.
Rb2 Ra3 41. h4 Kc6 42. b5+ Kb7 43. a6+ Kb6 44. Rb4 Ra2 45. Kf1 h6 46. Rb3 g5
47. hxg5 hxg5 48. Rb4 Ra1+ 49. Ke2 Ra2+ 50. Ke3 f4+ 51. gxf4 gxf4+ 52. Kxf4
Rxf2+ 53. Kxe4 Rh2 54. Kd3 Rh3+ 55. Kc4 Rg3 56. Ra4 Rg4+ 57. Kb3 Rg3+ 58. Kb4
Rg4+ 59. Kb3 Rg3+ 1/2-1/2

[Event "Thessaloniki Open 2009"]
[Site "Thessaloniki GRE"]
[Date "2009.04.29"]
[Round "4.5"]
[White "Sanduleac, Vasile"]
[Black "Makka, Ioulia"]
[Result "1-0"]
[WhiteElo "2438"]
[BlackElo "2229"]
[PlyCount "91"]
[EventDate "2009.04.27"]
[EventType "swiss"]
[EventRounds "9"]
[EventCountry "GRE"]
[Source "lmi"]
[SourceDate "2009.04.27"]

1. e4 c6 2. d4 d5 3. Nd2 dxe4 4. Nxe4 Bf5 5. Ng3 Bg6 6. N1e2 e6 7. Nf4 Bd6 8.
Nxg6 hxg6 9. Ne4 Be7 10. g3 Nf6 11. Bg2 Nxe4 12. Bxe4 Nd7 13. c3 Qc7 14. Bg2
Nf6 15. Bf4 Bd6 16. Bg5 Rh5 17. h4 O-O-O 18. Qf3 Be7 19. O-O Rdh8 20. Rfe1 Bd6
21. c4 Nh7 22. Be3 Nf8 23. c5 Be7 24. Qxf7 Qd8 25. Qf3 g5 26. hxg5 Bxg5 27. b4
Bxe3 28. Qxe3 R8h6 29. b5 cxb5 30. Rac1 Qc7 31. d5 exd5 32. Qe8+ Qd8 33. c6
Qxe8 34. Rxe8+ Kc7 35. cxb7+ Kxb7 36. Rxf8 Kb6 37. Rb8+ Ka5 38. Rc5 a6 39. Rxd5
Rxd5 40. Bxd5 Rd6 41. Bb3 Kb4 42. Kg2 a5 43. Bf7 g5 44. Be8 Rd5 45. Kh3 a4 46.
Kg4 1-0

[Event "Thessaloniki Open 2009"]
[Site "Thessaloniki GRE"]
[Date "2009.04.29"]
[Round "4.6"]
[White "Nikologorsky, Matfei"]
[Black "Ivanov, Jordan"]
[Result "1/2-1/2"]
[WhiteElo "2229"]
[BlackElo "2435"]
[PlyCount "116"]
[EventDate "2009.04.27"]
[EventType "swiss"]
[EventRounds "9"]
[EventCountry "GRE"]
[Source "lmi"]
[SourceDate "2009.04.27"]

1. e4 c5 2. Nc3 Nc6 3. g3 g6 4. Bg2 Bg7 5. d3 d6 6. Be3 e6 7. Qd2 Nge7 8. f4
O-O 9. Nf3 Nd4 10. Nd1 e5 11. c3 Nxf3+ 12. Bxf3 Nc6 13. O-O Bh3 14. Re1 Qd7 15.
Nf2 Be6 16. fxe5 Nxe5 17. Bg2 Rae8 18. b3 Nc6 19. Bh6 d5 20. e5 Bxe5 21. Bxf8
Rxf8 22. Re2 Qd8 23. Rf1 h5 24. Qe1 Qd6 25. c4 Bd4 26. Kh1 Ne5 27. Qd2 Kg7 28.
Qf4 f6 29. b4 b6 30. bxc5 bxc5 31. Rb1 dxc4 32. Rb7+ Rf7 33. Ne4 Qd8 34. Rxf7+
Bxf7 35. dxc4 Bxc4 36. Rd2 Qb6 37. Bf1 Bd5 38. h3 Qc6 39. Bg2 Nc4 40. Re2 f5
41. Ng5 Bxg2+ 42. Rxg2 Ne3 43. Nf3 Nxg2 44. Kxg2 Qe4 45. Qd2 Kf6 46. a4 Qe3 47.
Qc2 Bc3 48. Qd1 Ke6 49. h4 Bd4 50. Ng5+ Kd5 51. Qb1 Qf2+ 52. Kh3 Qg1 53. Qb3+
c4 54. Qb7+ Kc5 55. Qb5+ Kd6 56. Qb8+ Kc6 57. Qc8+ Kd5 58. Qd7+ Kc5 1/2-1/2

[Event "Thessaloniki Open 2009"]
[Site "Thessaloniki GRE"]
[Date "2009.04.29"]
[Round "4.7"]
[White "Sidorenko, Ilya"]
[Black "Perdek, Miroslaw"]
[Result "1-0"]
[WhiteElo "2357"]
[BlackElo "2232"]
[PlyCount "66"]
[EventDate "2009.04.27"]
[EventType "swiss"]
[EventRounds "9"]
[EventCountry "GRE"]
[Source "lmi"]
[SourceDate "2009.04.27"]

1. e4 c5 2. Nf3 e6 3. Nc3 d6 4. d4 cxd4 5. Qxd4 Nc6 6. Bb5 Bd7 7. Qd3 Nf6 8.
Bf4 Qc7 9. O-O-O a6 10. Bxc6 Bxc6 11. Rhe1 O-O-O 12. Nd2 Be7 13. Nc4 Ne8 14. a4
Kb8 15. Be3 d5 16. exd5 Bxd5 17. Bb6 Qf4+ 18. Ne3 Nc7 19. g3 Qh6 20. Ncxd5 Rxd5
21. Qc3 Rc8 22. Rxd5 exd5 23. Qb3 Bf6 24. Kb1 Qxh2 25. Ng4 Qg2 26. Nxf6 gxf6
27. Re7 h5 28. Rxf7 Qe4 29. Rxf6 h4 30. gxh4 Qxh4 31. Rf7 d4 32. Rxc7 Rxc7 33.
Bxc7+ Kxc7 1-0

[Event "Thessaloniki Open 2009"]
[Site "Thessaloniki GRE"]
[Date "2009.04.29"]
[Round "4.8"]
[White "Velchev, Hristo"]
[Black "Kounalakis, Evryklis"]
[Result "1/2-1/2"]
[WhiteElo "2284"]
[BlackElo "2090"]
[PlyCount "108"]
[EventDate "2009.04.27"]
[EventType "swiss"]
[EventRounds "9"]
[EventCountry "GRE"]
[Source "lmi"]
[SourceDate "2009.04.27"]

1. e4 c6 2. d4 d5 3. Nc3 dxe4 4. Nxe4 Bf5 5. Ng3 Bg6 6. h4 h6 7. Nf3 Nd7 8. h5
Bh7 9. Bd3 Bxd3 10. Qxd3 e6 11. Bd2 Ngf6 12. O-O-O Be7 13. Ne4 O-O 14. Kb1 c5
15. dxc5 Nxc5 16. Nxc5 Bxc5 17. Ne5 Qxd3 18. Nxd3 Bd4 19. Ba5 Rfc8 20. Rh4 Bc5
21. Nxc5 Rxc5 22. Bc3 Rac8 23. Bxf6 gxf6 24. c3 R8c7 25. Rd8+ Kh7 26. Rf4 Rxh5
27. Rxf6 Re7 28. Rf3 Rg5 29. g3 Rf5 30. Rxf5 exf5 31. Kc2 Re2+ 32. Rd2 Rxd2+
33. Kxd2 f4 34. Ke2 fxg3 35. fxg3 Kg6 36. Kf3 Kf5 37. c4 h5 38. b4 Ke5 39. Ke3
a6 40. a4 b6 41. Kd3 a5 42. c5 bxc5 43. bxa5 Kd5 44. a6 Kc6 45. Kc4 f5 46. a7
Kb7 47. Kxc5 f4 48. gxf4 h4 49. f5 h3 50. f6 h2 51. f7 h1=Q 52. a8=Q+ Kxa8 53.
f8=Q+ Ka7 54. Qf7+ Qb7 1/2-1/2

[Event "Thessaloniki Open 2009"]
[Site "Thessaloniki GRE"]
[Date "2009.04.29"]
[Round "4.9"]
[White "Okun, Leonid"]
[Black "Sidiropoulos, Nikolaos"]
[Result "1-0"]
[WhiteElo "2272"]
[BlackElo "2081"]
[PlyCount "91"]
[EventDate "2009.04.27"]
[EventType "swiss"]
[EventRounds "9"]
[EventCountry "GRE"]
[Source "lmi"]
[SourceDate "2009.04.27"]

1. c4 c5 2. Nf3 Nc6 3. d4 cxd4 4. Nxd4 Nf6 5. Nc3 e6 6. Ndb5 d6 7. Bf4 Ne5 8.
c5 Nd5 9. Nxd5 exd5 10. Qxd5 Qa5+ 11. Nc3 Qb4 12. Bxe5 dxe5 13. e3 Be6 14. Qxe5
O-O-O 15. c6 Rd5 16. cxb7+ Kxb7 17. Qe4 Qxe4 18. Nxe4 Bb4+ 19. Nc3 Rc8 20. a3
Rxc3 21. axb4 Rc2 22. Be2 Rdd2 23. Bf3+ Bd5 24. Bxd5+ Rxd5 25. O-O Rxb2 26. Ra4
Rdd2 27. g3 Kb6 28. h4 a6 29. Kg2 f6 30. g4 Kb5 31. Ra5+ Kb6 32. Kg3 Rdc2 33.
h5 h6 34. Ra4 Kb5 35. Ra5+ Kb6 36. f4 Rc3 37. Kf3 Rxb4 38. Rfa1 Rbb3 39. Rxa6+
Kc7 40. Ra7+ Kd8 41. Ra8+ Ke7 42. R1a7+ Kd6 43. Rd8+ Ke6 44. Re8+ Kd6 45. Rxg7
Rc1 46. Rd8+ 1-0

[Event "Thessaloniki Open 2009"]
[Site "Thessaloniki GRE"]
[Date "2009.04.29"]
[Round "4.10"]
[White "Vragoteris, Antonios"]
[Black "Ivanov, Borislav"]
[Result "1-0"]
[WhiteElo "2264"]
[BlackElo "2002"]
[PlyCount "59"]
[EventDate "2009.04.27"]
[EventType "swiss"]
[EventRounds "9"]
[EventCountry "GRE"]
[Source "lmi"]
[SourceDate "2009.04.27"]

1. d4 d5 2. c4 c6 3. Nf3 Nf6 4. Nbd2 Bf5 5. Nh4 Bc8 6. g3 dxc4 7. Nhf3 b5 8.
Bg2 e6 9. O-O Bb7 10. Qc2 Nbd7 11. b3 cxb3 12. Nxb3 Rc8 13. a4 b4 14. Nc5 Nxc5
15. dxc5 Qd5 16. Be3 Ng4 17. Bd4 e5 18. e4 b3 19. Qc1 Qe6 20. Bb2 Ba6 21. h3
Bxf1 22. Bxf1 Nf6 23. Bc4 Qxh3 24. Bxf7+ Ke7 25. Bxe5 Nxe4 26. Qf4 Qh6 27. Qf5
b2 28. Bxb2 Rb8 29. Re1 Rb4 30. Bc1 1-0

[Event "Thessaloniki Open 2009"]
[Site "Thessaloniki GRE"]
[Date "2009.04.29"]
[Round "4.11"]
[White "Simanjuntak, Sebastian"]
[Black "Tsintsar, Zoran"]
[Result "1-0"]
[WhiteElo "2260"]
[BlackElo "1962"]
[PlyCount "93"]
[EventDate "2009.04.27"]
[EventType "swiss"]
[EventRounds "9"]
[EventCountry "GRE"]
[Source "lmi"]
[SourceDate "2009.04.27"]

1. d4 c5 2. d5 e5 3. c4 d6 4. e4 f5 5. Nc3 Nf6 6. Bd3 fxe4 7. Nxe4 Be7 8. Ne2
O-O 9. N2g3 Nxe4 10. Bxe4 Nd7 11. O-O Nf6 12. Bc2 Bg4 13. f3 Bd7 14. Qd3 Qe8
15. Bg5 g6 16. Rae1 Nh5 17. Bh6 Nf4 18. Qd2 Rf7 19. Ne4 Bf8 20. Bxf4 Rxf4 21.
Qxf4 exf4 22. Nf6+ Kf7 23. Nxe8 Rxe8 24. Re4 Bh6 25. Rfe1 Rxe4 26. Rxe4 Bf5 27.
Re2 Bxc2 28. Rxc2 Bg7 29. Kf2 Bd4+ 30. Ke2 Bg1 31. Rc1 Bd4 32. Kd3 b6 33. b3
Kf6 34. Ke4 Be5 35. Rg1 Bd4 36. Rd1 Be5 37. g3 fxg3 38. f4 Bc3 39. hxg3 h5 40.
Rd3 Bb2 41. Kf3 g5 42. Re3 gxf4 43. gxf4 Bc1 44. Re6+ Kf5 45. Rxd6 Bxf4 46. Rd7
a6 47. Rf7+ 1-0

[Event "Thessaloniki Open 2009"]
[Site "Thessaloniki GRE"]
[Date "2009.04.29"]
[Round "4.12"]
[White "Danilov, Vladimir"]
[Black "Galopoulos, Nikolaos"]
[Result "1/2-1/2"]
[WhiteElo "2410"]
[BlackElo "2247"]
[PlyCount "111"]
[EventDate "2009.04.27"]
[EventType "swiss"]
[EventRounds "9"]
[EventCountry "GRE"]
[Source "lmi"]
[SourceDate "2009.04.27"]

1. f4 d5 2. Nf3 g6 3. g3 Bg7 4. Bg2 c5 5. O-O Nc6 6. d3 Nf6 7. c3 O-O 8. Qe1 d4
9. Na3 Nd5 10. Bd2 Nb6 11. Rb1 Be6 12. c4 Nd7 13. Nc2 a5 14. a3 a4 15. b4 axb3
16. Rxb3 Ra7 17. Ng5 Bf5 18. Bxc6 bxc6 19. e4 dxe3 20. Nxe3 Bd4 21. Kg2 Nf6 22.
Nxf5 gxf5 23. Nf3 Qd6 24. Nxd4 cxd4 25. Qe5 Rfa8 26. Qxf5 Rxa3 27. Bb4 Ra2+ 28.
Kh3 Qd7 29. Qxd7 Nxd7 30. Bxe7 Re2 31. Ba3 Nf6 32. f5 h5 33. Bc5 Ng4 34. Kh4
Ne3 35. Rfb1 Ra5 36. Rb8+ Kh7 37. R1b7 Nxf5+ 38. Kxh5 Rxh2+ 39. Kg5 Nd6 40. Rd7
Rxc5+ 41. Kg4 Rh6 42. Rbd8 Rg6+ 43. Kh3 Rh5+ 44. Kg2 Rhh6 45. c5 Nb5 46. Rxf7+
Rg7 47. Rff8 Re6 48. Rc8 Kg6 49. Rf4 Rf7 50. Rg4+ Kf6 51. Rh4 Ke7 52. Rhh8 Re2+
53. Kh3 Re6 54. Kg2 Kd7 55. Rhd8+ Ke7 56. Rh8 1/2-1/2

[Event "Thessaloniki Open 2009"]
[Site "Thessaloniki GRE"]
[Date "2009.04.29"]
[Round "4.13"]
[White "Atababayev, Khalid"]
[Black "Karlovich, Anastazia"]
[Result "0-1"]
[WhiteElo "2001"]
[BlackElo "2251"]
[PlyCount "62"]
[EventDate "2009.04.27"]
[EventType "swiss"]
[EventRounds "9"]
[EventCountry "GRE"]
[Source "lmi"]
[SourceDate "2009.04.27"]

1. d4 Nf6 2. c4 c5 3. d5 b5 4. cxb5 a6 5. bxa6 Bxa6 6. Nc3 g6 7. Nf3 d6 8. g3
Bg7 9. e4 Bxf1 10. Kxf1 Nbd7 11. Kg2 O-O 12. Re1 Ra6 13. Qc2 Qa8 14. a3 Ng4 15.
Bf4 Rb8 16. Nd2 Bd4 17. f3 Nge5 18. Bxe5 Nxe5 19. Rab1 Rab6 20. a4 Rb4 21. b3
c4 22. Na2 cxb3 23. Nxb3 Rc4 24. Qd2 Qxa4 25. Nxd4 Rxb1 26. Rxb1 Rxd4 27. Rb8+
Kg7 28. Qb2 Qd1 29. Kh3 Qf1+ 30. Kh4 Nxf3+ 31. Kg4 Ne5+ 0-1

[Event "Thessaloniki Open 2009"]
[Site "Thessaloniki GRE"]
[Date "2009.04.29"]
[Round "4.14"]
[White "Demiralp, Murat"]
[Black "Aharon, Ofir"]
[Result "0-1"]
[WhiteElo "2071"]
[BlackElo "2134"]
[PlyCount "34"]
[EventDate "2009.04.27"]
[EventType "swiss"]
[EventRounds "9"]
[EventCountry "GRE"]
[Source "lmi"]
[SourceDate "2009.04.27"]

1. d4 Nf6 2. Nf3 d6 3. Nc3 Nbd7 4. e4 e5 5. Bc4 Be7 6. Bxf7+ Kxf7 7. Ng5+ Kg8
8. Ne6 Qe8 9. Nxc7 Qg6 10. Nxa8 Qxg2 11. Rf1 exd4 12. Qxd4 Ne5 13. f4 Nfg4 14.
Ne2 Bh4+ 15. Ng3 Nxh2 16. Qd5+ Nf7 17. Rf2 Bxg3 0-1

[Event "Thessaloniki Open 2009"]
[Site "Thessaloniki GRE"]
[Date "2009.04.30"]
[Round "5.1"]
[White "Bagaturov, Giorgi"]
[Black "Esen, Baris"]
[Result "1/2-1/2"]
[WhiteElo "2467"]
[BlackElo "2472"]
[PlyCount "148"]
[EventDate "2009.04.27"]
[EventType "swiss"]
[EventRounds "9"]
[EventCountry "GRE"]
[Source "lmi"]
[SourceDate "2009.04.27"]

1. d4 Nf6 2. c4 g6 3. Nf3 Bg7 4. g3 d5 5. Bg2 dxc4 6. O-O O-O 7. Na3 c3 8. bxc3
c5 9. e3 Nc6 10. Bb2 Bf5 11. Qe2 Qa5 12. h3 Rfd8 13. Nd2 cxd4 14. cxd4 Qb4 15.
Nac4 Be6 16. Rfc1 Bxc4 17. Nxc4 Qa4 18. Nd2 Na5 19. Qd3 Rac8 20. Qa3 Qxa3 21.
Bxa3 Bf8 22. Bb4 b6 23. Bxa5 bxa5 24. a4 Nd7 25. Nb3 e5 26. Nxa5 exd4 27. exd4
Nb8 28. d5 Bh6 29. Rxc8 Rxc8 30. Nc6 Nxc6 31. dxc6 Bf8 32. Rc1 Rc7 33. h4 Bd6
34. Bh3 f5 35. Bg2 Kf7 36. Rd1 Ke6 37. Bd5+ Kf6 38. Kg2 Re7 39. Bc4 Bc7 40. Ba6
Re6 41. Rc1 Re8 42. Rc2 Rd8 43. Be2 Re8 44. Bf3 Rd8 45. Rb2 Rb8 46. Rd2 Rd8 47.
Rc2 Bb6 48. Rb2 Rb8 49. g4 fxg4 50. Bxg4 Bc7 51. Rd2 Rd8 52. Bd7 Rb8 53. Re2
Kf7 54. Re4 Kf6 55. h5 Rb2 56. Re6+ Kf7 57. hxg6+ hxg6 58. Re4 Bb6 59. Rc4 Bc7
60. Kf3 Kf6 61. Ke3 Kf7 62. f3 Kf6 63. Bg4 Rb3+ 64. Ke4 Rb1 65. Kd5 Re1 66. Rb4
Re5+ 67. Kd4 Ra5 68. Rb7 Rxa4+ 69. Kd3 Ra3+ 70. Ke2 Ra2+ 71. Kd1 Ra1+ 72. Ke2
Ra2+ 73. Kd3 Ra3+ 74. Ke2 Ra2+ 1/2-1/2